| 000 | 00488nam a22001937a 4500 | ||
|---|---|---|---|
| 005 | 20260410110219.0 | ||
| 008 | 260410b |||||||| |||| 00| 0 eng d | ||
| 020 |
_a978-81-19679-54-6 _c350.00 |
||
| 040 | _aMAIN | ||
| 041 | _aeng | ||
| 082 |
_a820 _bNEO |
||
| 100 | _aNeog, Biswajit. | ||
| 245 |
_aBritish Literature : 19th Century _cBy Biswajit Neog. |
||
| 250 | _a1st ed. | ||
| 260 |
_aJorhat: _bBidya Bhawan; _c2025. |
||
| 300 | _a400p. | ||
| 650 | _aEnglish | ||
| 942 |
_2ddc _cBK |
||
| 999 |
_c16345 _d16345 |
||